[Event "Washington Open"]
[Site "?"]
[Date "1995.05.28"]
[Round "4"]
[White "Bailey, B."]
[Black "Healy, J."]
[Result "0-1"]
[WhiteElo "1875"]
[BlackElo "1643"]
[Annotator "Stockfish 12 (15s)"]
[PlyCount "26"]

{B34: Sicilian: Accelerated Dragon with 5 Nc3: sidelines} 1. e4 c5 2. Nf3 Nc6
3. d4 cxd4 4. Nxd4 g6 5. Be3 Bg7 6. Qd2 Nf6 7. f3 O-O 8. Nc3 d5 9. O-O-O dxe4
10. Nxc6 Qxd2+ 11. Rxd2 bxc6 12. fxe4 Ng4 13. Bc5 $146 (13. Nd1 Nxe3 14. Nxe3
Bh6 15. Rd3 f5 (15... Be6 16. Ra3 Bxa2 17. Rxa2 Bxe3+ 18. Kb1 Rab8 19. Bd3 Rfd8
20. Rd1 Rd6 21. Ra6 Bb6 22. Be2 Rxd1+ 23. Bxd1 Rd8 24. Bf3 Rd2 25. Ra3 e5 26.
Rd3 Rxd3 27. cxd3 Bd4 28. Bg4 Kf8 29. Kc2 Ke7 30. b3 {
Hillman,J (1999)-Milovanovic,A (2220) Birmingham 2006 0-1 (51)}) 16. exf5 Rxf5
17. Rc3 Be6 18. Ba6 Ra5 19. Bb7 Rb8 20. Bxc6 Rxa2 21. Kd2 Rd8+ 22. Ke2 Rxb2 23.
Rc5 Rc8 24. Nd5 Kg7 25. Rd1 Bg4+ 26. Ke1 Bxd1 27. Kxd1 e6 {
Fabian,J-Marsalek,J Cerveny Kostelec 1959 0-1}) (13. Bg5 f6 14. Bc4+ Kh8 15.
Bf4 e5 16. h3 exf4 17. hxg4 Bxg4 18. Rd6 Rad8 19. Rxc6 Rc8 20. Rxc8 Rxc8 21.
Bb3 h5 22. Nd5 Bh6 23. Kb1 Kg7 24. Rf1 Re8 25. Nxf4 Rxe4 26. Nd5 Bf5 27. Nc3
Rg4 {Blasek,R (2335)-Muse,M (2445) Neu Isenburg 1992 0-1 (40)}) (13. Bf4 e5 14.
h3 exf4 15. hxg4 Bxg4 16. Be2 Be6 17. Rd3 Rfd8 18. Na4 Rxd3 19. Bxd3 Bxa2 20.
b3 Rb8 21. Bc4 Rb4 22. Nc5 a5 23. Rd1 Rxc4 24. Rd8+ Bf8 25. bxc4 Kg7 26. Nb3
Ba3+ 27. Kd1 a4 {Zevart,H-Cohn,H Meschede 1961 1/2-1/2 (40)}) 13... Bh6 (13...
Bh6 14. h3 Rd8 $19 (14... Bxd2+ $6 15. Kxd2 Ne5 16. Bxe7 $17)) 0-1

[Event "Boeing-Microsoft"]
[Site "?"]
[Date "1995.09.08"]
[Round "1"]
[White "Kennamer, W."]
[Black "Bailey, B."]
[Result "1-0"]
[WhiteElo "1885"]
[BlackElo "1832"]
[Annotator "Stockfish 12 (15s)"]
[PlyCount "11"]

{C50: Hungarian Defence and Giuoco Pianissimo} 1. e4 e5 2. Nf3 Nc6 3. d4 exd4
4. c3 (4. Nxd4 Nf6 5. Nxc6 bxc6 $11) 4... dxc3 5. Bc4 Be7 $4 (5... cxb2 $142 6.
Bxb2 Bb4+ 7. Nc3 Nf6 $15) 6. Qd5 (6. Qd5 Nh6 7. Bxh6 $16) 1-0

[Event "Boeing-Microsoft"]
[Site "?"]
[Date "1995.09.08"]
[Round "2"]
[White "Bailey, B."]
[Black "Kennamer, W."]
[Result "0-1"]
[WhiteElo "1832"]
[BlackElo "1885"]
[Annotator "Stockfish 12 (15s)"]
[PlyCount "54"]

{B78: Sicilian Dragon: Yugoslav Attack, 9 Bc4 Bd7 10 0-0-0 Rc8} 1. e4 c5 2. Nf3
Nc6 3. d4 cxd4 4. Nxd4 d6 5. Bc4 Nf6 6. Nc3 g6 7. Be3 Bg7 8. f3 Bd7 9. Qd2 O-O
10. O-O-O a6 11. h4 b5 12. Be2 $146 (12. Bb3 h5 (12... Na5 13. Bh6 (13. g4
Nxb3+ 14. axb3 Qb8 15. h5 b4 16. Na2 a5 17. hxg6 fxg6 18. Bh6 Rf7 19. Bxg7 Rxg7
20. Ne2 Be6 21. Rdg1 Nd7 22. f4 Nc5 23. Nd4 Nxe4 24. Qe3 Bd5 25. f5 a4 26. Kb1
axb3 27. Nxb3 Nc5 {Levieux,P-Dubreuil,D Urcuit 1989 1/2-1/2 (60)}) 13... Nxb3+
14. cxb3 b4 15. Nce2 Qa5 16. Bxg7 Kxg7 17. Kb1 h6 18. g4 Ne8 19. Rdg1 Nc7 20.
Rg3 Bb5 21. Rhg1 Bxe2 22. Nf5+ Kf6 23. g5+ Ke6 24. Nd4+ Kd7 25. Nxe2 h5 26. f4
Qb6 27. Rc1 {Hovanecz,L (2350)-Kulcsar,G (2145) Hungary 1995 1-0 (42)}) (12...
Ne5 13. Bh6 Nc4 14. Qg5 Rc8 15. h5 Rc5 16. Nd5 Nxd5 17. hxg6 fxg6 18. exd5 Bxd4
19. Rxd4 Rf5 20. Qg3 Rfxd5 21. Rxd5 Rxd5 22. Bg5 Qf8 23. Qh4 Qf7 24. Re1 e5 25.
Bh6 Rd4 26. f4 Be8 27. c3 {Selg,R (1762)-Xander,K Ellwangen 1999 1-0 (33)}) 13.
Nd5 Ne5 14. Nxf6+ exf6 15. g4 Rc8 16. gxh5 gxh5 17. Rhg1 Kh7 18. Rg3 Qe7 19.
Rdg1 Rg8 20. Qg2 Ng6 21. Rxg6 {1-0 (21) Lermen,O-Zimmermann,F St Ingbert 1987})
(12. Nxc6 Bxc6 13. Bb3 a5 14. h5 a4 15. Bd5 Bxd5 16. Nxd5 Nxd5 17. Qxd5 a3 18.
b3 Rb8 19. hxg6 hxg6 20. Bh6 Bb2+ 21. Kb1 Re8 22. Bc1 b4 23. Bxb2 axb2 24. Qd4
f6 25. Rh6 Kg7 26. Rdh1 Rg8 {Chehayeb,S-Sledge,E Detroit 1991 0-1 (43)}) (12.
Bb3 h5 13. g4 a5 14. gxh5 Nxh5 15. Ndxb5 Ne5 $18) 12... h5 (12... Nxd4 13. Bxd4
(13. Qxd4 $2 Ng4 14. Qb6 Nxe3 15. Qxe3 Rb8 $19) 13... e5 14. Be3 $11) 13. Nd5 (
13. Kb1 $142 $16) 13... Nxd5 $4 (13... Rc8 $5 $14) 14. exd5 $4 (14. Nxc6 Bxc6
15. exd5 Bb7 $18) 14... Ne5 $4 (14... Nxd4 $142 15. Bxd4 Bxd4 16. Qxd4 Qa5 $16)
15. Nc6 (15. g4 $142 Qc7 16. Bh6 hxg4 17. h5 gxf3 18. Bxf3 Nxf3 19. Nxf3 $18)
15... Nxc6 $17 16. dxc6 Bxc6 17. Rhg1 (17. Bh6 Qb6 18. g4 Qc5 19. gxh5 Qxh5 20.
Bxg7 Kxg7 $11) 17... b4 18. g4 $2 (18. Qxb4 Rb8 {Combination}) 18... Qa5 $19
19. Kb1 hxg4 (19... Qe5 $142 20. Qc1 hxg4 21. Rxg4 Rfc8 $17) 20. fxg4 $4 (20.
Rxg4 Bd7 21. Rg5 Bf5 $11) 20... e6 (20... Rac8 $142 21. h5 Be4 $19) 21. Qxd6
$15 Bd5 22. b3 Rfd8 (22... Rfc8 $142 23. Qb6 Qxb6 24. Bxb6 Rc3 $11) 23. Qf4 $4
(23. Qb6 $142 Qxb6 24. Bxb6 $15) 23... Rac8 $19 24. Qf2 (24. Bd3 Bf3 $1 25.
Rgf1 $19) 24... Be4 (24... Rxc2 $1 25. a4 Be4 26. Rd3 Rxd3 27. Kxc2 Qd5 28.
Qxf7+ Kxf7 29. Rf1+ Kg8 30. Rf8+ Kxf8 31. Bd4 Qxd4 32. Bxd3 Qxd3+ 33. Kc1 Qc2#)
25. Rxd8+ Rxd8 (25... Qxd8 26. Bc4 Rc6 27. Qf4 $11) 26. Rd1 Bxc2+ $1 27. Kxc2 (
27. Kxc2 Qxa2+ {Mate attack Deflection}) 27... Qxa2+ (27... Qxa2+ 28. Kc1 Qb2#)
0-1

[Event "Newport Open"]
[Site "?"]
[Date "1995.10.14"]
[Round "1"]
[White "Bailey, B."]
[Black "Abbe, S."]
[Result "1-0"]
[WhiteElo "1832"]
[BlackElo "1297"]
[Annotator "Stockfish 14 (15s)"]
[PlyCount "79"]

{B92: Sicilian Najdorf: 6 Be2} 1. e4 c5 2. Nf3 d6 3. d4 cxd4 4. Nxd4 Nf6 5. Nc3
a6 6. Be2 e5 7. Nb3 Be6 8. Bg5 Be7 9. Qd2 Bxb3 $4 $146 (9... Nbd7 10. O-O-O O-O
(10... Rc8 11. g3 b5 12. a3 Bxb3 13. cxb3 Nxe4 14. Bxe7 Qxe7 15. Qe3 Nxc3 16.
bxc3 Qe6 17. Kb2 Nc5 18. c4 O-O 19. cxb5 d5 20. f4 d4 21. f5 Qxf5 22. Qf3 Qxf3
23. Bxf3 axb5 24. Rhe1 Rfe8 25. Bd5 {Hamam,M-Ricetto,A Nice 1974 0-1 (31)}) 11.
Kb1 b5 12. a3 Qc7 13. Nd5 Bxd5 14. Bxf6 Nxf6 15. exd5 Rfc8 16. c3 Qb6 17. Qe3
Bd8 18. Qxb6 Bxb6 19. f3 g6 20. Rd2 Rab8 21. Rd3 Nd7 22. Rd2 f5 23. Rhd1 Kg7
24. g3 {Sursock,S-Naranja,R Siegen 1970 0-1 (42)}) (9... b5 10. a3 Nbd7 11. O-O
O-O 12. Rad1 Rc8 13. Kh1 Nb6 14. Bxf6 Bxf6 15. Qxd6 Qxd6 16. Rxd6 Na4 17. Nxa4
bxa4 18. Na1 a5 19. Bb5 Rb8 20. Bxa4 Be7 21. Rdd1 Rxb2 22. Nb3 Ra8 23. Ra1 Rxc2
24. Rfc1 {Del Castillo,W-Wians,C (2285) Maringa 1991 0-1 (52)}) (9... Nc6 10.
O-O-O Na5 11. Kb1 b5 12. Bxf6 Nxb3 13. cxb3 gxf6 14. Nd5 Bxd5 15. Qxd5 Rg8 16.
Rd3 Rc8 17. Bh5 Rg7 18. Rg3 Rc5 19. Rxg7 Rxd5 20. exd5 Qb6 21. Rxf7 Kd8 22. Bg4
Qd4 23. Bf5 Qf4 24. g4 {Teglas,B (2041)-Surinya,T (1858) Budapest 2006 1-0}) (
9... Nbd7 $142 $11) 10. axb3 $18 Nbd7 11. f3 h6 (11... d5 12. exd5 Bb4 13. O-O
$18) 12. Bh4 (12. Be3 Qc7 13. h4 Nb6 $18) 12... Qb6 (12... O-O $5 $16) 13. Bf2
$18 Qc7 14. O-O (14. O-O-O $5 Nc5 15. g4 b5 $18) 14... Rc8 $16 15. Rfc1 Nh5 (
15... O-O $142 $5 $16) 16. Nd5 $18 Qd8 17. Nxe7 (17. g3 O-O 18. Rd1 Nhf6 $18)
17... Qxe7 18. g3 (18. Rd1 O-O $18) 18... g5 $2 (18... O-O 19. Rd1 Rc6 20. b4
$16) 19. c3 (19. Rd1 $5 Rg8 20. Ra5 Rg6 $18) 19... Nc5 20. Ra3 (20. Bc4 $142
Qd7 21. b4 $18) 20... Ng7 $4 (20... O-O $142 $18) 21. Rd1 Rd8 (21... Nd7 22.
Ra5 $18) 22. b4 (22. Bxc5 $142 dxc5 23. Bb5+ axb5 24. Qxd8+ Qxd8 25. Rxd8+ Kxd8
26. Ra8+ Ke7 27. Rxh8 $18) 22... Nce6 23. b5 O-O (23... Nc7 24. bxa6 bxa6 25.
Bxa6 Nxa6 26. Rxa6 $18) 24. bxa6 bxa6 25. Rxa6 f5 (25... Ne8 26. b4 $18) 26.
Rxd6 fxe4 27. fxe4 Rxd6 (27... Qb7 28. Rd5 $18) 28. Qxd6 Qf6 (28... Qxd6 29.
Rxd6 Kf7 30. b4 $18) 29. Qb6 (29. Be3 Rd8 30. Qc6 Rxd1+ 31. Bxd1 Qd8 $18) 29...
Kh7 30. Rd6 Qg6 (30... Qf7 31. Qa7 Qxa7 32. Bxa7 $18) 31. Qe3 (31. Qb5 $142 $5
Qf6 32. Be3 Rc8 $18) 31... h5 {Black intends g4} 32. Bc4 (32. b4 $5 Ne8 33.
Qa7+ Kh6 $18) 32... h4 33. Bxe6 (33. b4 $142 $5 Rf6 34. Qd3 g4 35. Bxe6 Nxe6
36. gxh4 Qh6 $18) 33... Nxe6 34. b4 g4 (34... Ra8 35. Qe1 h3 36. b5 $18) 35. b5
Rf3 (35... h3 36. Qd3 Qf6 37. Qe2 $18) 36. Qa7+ Kh6 (36... Rf7 37. Rd7 Rg7 38.
Rxg7+ Nxg7 $18) 37. Qe7 Rf6 38. Be3+ Kh5 (38... Rf4 39. gxf4 exf4 40. Rxe6 fxe3
41. Qf8+ Kh5 42. Re5+ Qg5 43. Qh8+ Kg6 44. Qg8+ Kh6 45. Rxg5 e2 46. Qg7#) 39.
Rxe6 $1 Rxe6 (39... Rxe6 40. Qxh4# {Mate attack Deflection Pinning}) 40. Qxh4#
1-0

[Event "Newport Open"]
[Site "?"]
[Date "1995.10.14"]
[Round "2"]
[White "McMenamin, J."]
[Black "Bailey, B."]
[Result "0-1"]
[WhiteElo "1283"]
[BlackElo "1832"]
[Annotator "Stockfish 14 (15s)"]
[PlyCount "34"]

{C55: Two Knights: 4 d3, 4 d4 exd4 5 e5 and Max Lange Attack} 1. e4 e5 2. Nf3
Nc6 3. Bc4 Nf6 4. Nc3 Nxe4 5. Bxf7+ Kxf7 6. Nxe4 d5 7. Nc3 Bc5 (7... e4 8. Ng1
Bf5 9. f3 Bc5 10. fxe4 dxe4 11. Nge2 Rf8 12. Ng3 Qh4 13. Qh5+ Qxh5 14. Nxh5 Nd4
15. Rb1 Bg4 16. Nxe4 Nxc2+ 17. Kf1 Kg8+ {
0-1 (17) Agut Alvarez,C (2095)-Jose Queralto,D (2190) Barcelona 1996}) 8. O-O
Rf8 9. Na4 $4 $146 (9. d3 h6 10. Be3 Bd6 11. Nb5 Kg8 12. Nxd6 cxd6 13. Re1 Bg4
14. c4 d4 15. Bd2 Qf6 16. Qe2 Bxf3 17. gxf3 Qxf3 18. Qxf3 Rxf3 19. Kf1 Raf8 20.
Re2 Rxd3 21. Kg2 Rdf3 22. Rf1 R3f5 23. b4 Nd8 {
Wellner,E-Valickova,M (2045) Czechia 2003 0-1 (34)}) (9. Nxe5+ $142 Nxe5 10. d4
$14) 9... Be7 $19 10. d4 e4 11. Ne1 $2 (11. Ne5+ Nxe5 12. dxe5 d4 $19) 11...
Kg8 (11... b6 $142 12. f3 Kg8 13. Rf2 exf3 14. Nxf3 $19) 12. f3 (12. c4 dxc4
13. Be3 Bf5 $19) 12... b6 (12... Bd6 $142 13. Rf2 Qe8 $19) 13. fxe4 (13. Rf2
exf3 14. Nxf3 $19) 13... Rxf1+ 14. Kxf1 Ba6+ 15. Kg1 dxe4 16. Be3 (16. c3 Qd7
17. Nc2 Rf8 $19) 16... Qf8 17. b3 (17. c4 Rd8 18. b3 Nxd4 19. Bxd4 $19) 17...
Qf1# 0-1

[Event "Newport Open"]
[Site "?"]
[Date "1995.10.14"]
[Round "3"]
[White "Bailey, B."]
[Black "Goshen, M."]
[Result "0-1"]
[WhiteElo "1832"]
[BlackElo "2128"]
[Annotator "Stockfish 14 (15s)"]
[PlyCount "144"]

{B75: Sicilian Dragon: Yugoslav Attack, Miscellaneous} 1. e4 c5 2. Nf3 d6 3. d4
cxd4 4. Nxd4 Nf6 5. Nc3 g6 6. f3 Bg7 7. Be3 Nc6 8. Qd2 Bd7 9. Be2 (9. h4 h5 10.
Bc4 Rc8 11. Bb3 Ne5 12. Qe2 Qa5 13. O-O-O O-O 14. Kb1 a6 15. Bg5 Rfe8 16. Qd2
Nc4 17. Bxc4 Rxc4 18. Bxf6 Bxf6 19. Nd5 Qxd2 20. Nxf6+ exf6 21. Rxd2 Kf8 22.
Nb3 f5 23. Rxd6 Bc8 {Hunt,H (2165)-Lopez,N (2260) Szeged 1994 1-0 (66)}) 9...
Rc8 (9... a6 10. O-O Rc8 11. Nxc6 Rxc6 12. Kh1 O-O 13. Bd3 Be6 14. Ne2 Qd7 15.
c3 Bc4 16. Bxc4 Rxc4 17. Rad1 Qc7 18. b3 Rc6 19. c4 Qb8 20. Nc3 e6 21. Bd4 Ne8
22. f4 e5 23. fxe5 dxe5 24. Be3 {
Nguyen Le Thanh-Tran Thuy Linh Vietnam 2002 1-0 (33)}) 10. O-O-O Qa5 $146 (
10... a6 11. h4 h5 12. Nb3 b5 13. Bg5 O-O 14. Bxf6 Bxf6 15. Nd5 Bg7 16. g4 e6
17. Nb4 Qf6 18. Nd3 a5 19. Qf4 Nb4 20. Qxf6 Rxc2+ 21. Kb1 Bxf6 22. e5 dxe5 23.
Nxb4 Rxe2 24. Nc2 Bc6 25. gxh5 {
Griengl,H-Brokko Olde,M Hradec Kralove 1992 0-1 (47)}) (10... h5 $5 $16) 11.
Nb3 Qc7 12. g4 Nb4 $2 (12... Be6 13. Nb5 Qd7 14. h4 $18) 13. a3 (13. Kb1 h6 $18
) 13... Nc6 $2 (13... Nxe4 $142 14. fxe4 Bxc3 15. bxc3 Na2+ 16. Kb2 Nxc3 $16)
14. h4 h5 (14... h6 15. Kb1 $18) 15. g5 Nh7 16. Nb5 $4 (16. Nd5 $142 Qb8 17.
Bb5 $18) 16... Qb8 $16 17. f4 a6 (17... O-O 18. N3d4 a6 19. Nc3 $16) 18. N5d4 (
18. Nc3 $142 $5 Bxc3 19. Qxc3 $18 (19. bxc3 $6 Nf8 $14)) 18... b5 19. Nxc6 Bxc6
20. Bf3 (20. Bd3 Nf8 $16) 20... Nf8 (20... O-O $142 $5 $16) 21. Bd4 $18 Ne6 22.
Bxg7 Nxg7 23. Rhe1 (23. Nd4 $142 Qb7 24. Qd3 $18) 23... O-O $14 24. Bg2 Qa8 (
24... Bd7 25. f5 Rc7 26. Kb1 gxf5 27. Bh3 $14) 25. Na5 Rfd8 $2 (25... Bd7 26.
f5 Qa7 27. f6 $14) 26. Nxc6 (26. f5 $142 $5 $18) 26... Qxc6 $16 27. Re2 (27. f5
a5 $14) 27... Qc4 (27... a5 $142 28. f5 b4 29. fxg6 fxg6 30. axb4 axb4 31. Qd5+
Qxd5 32. exd5 Nf5 $11) 28. b3 $4 (28. Kb1 Rc5 $16) 28... Qc5 (28... Qxb3 $142
$1 29. Qb4 Qg3 $19) 29. Qb4 (29. Kb2 $5 $16) 29... Qb6 (29... Qc3 30. Qxc3 Rxc3
31. Kb2 $11) 30. Bh3 a5 31. Qd4 {White prepares e5} Qxd4 32. Rxd4 Rc3 33. Rd3
Rxd3 34. cxd3 d5 35. e5 e6 36. Rc2 Ne8 $2 (36... b4 $142 37. a4 Nf5 38. Bxf5
gxf5 $14) 37. Rc5 $18 Rb8 38. Kb2 $4 (38. Kd2 $142 $18) 38... Kf8 $16 39. d4 (
39. Kc1 $142 $16) 39... Rb7 $2 (39... Ng7 $5 $14) 40. Bf1 (40. f5 $142 gxf5 41.
Bf1 $18) 40... Nc7 $16 41. b4 (41. Kc2 $142 $5 $16) 41... axb4 $11 42. axb4 Ke7
43. Kb3 Kd7 44. Rc2 Rb6 45. Be2 Rc6 46. Rc5 Rb6 47. Rc2 Kc8 48. Rc5 Kb8 (48...
Kd8 49. Bd3 $11) 49. Bd3 (49. f5 $142 exf5 50. Bf3 $16) 49... Kb7 $11 50. Be2
Rc6 51. Bd3 Kb6 52. Be2 Rxc5 53. bxc5+ Ka5 54. Bd3 Na6 55. f5 exf5 (55... exf5
56. Bxf5 gxf5 57. e6 {Combination}) (55... gxf5 56. Be2 {Combination}) 56. Bxf5
Nc7 (56... gxf5 57. e6 fxe6 58. g6 $18) 57. Bd7 b4 (57... Ne6 58. Bxe6 fxe6 59.
Ka3 $11) 58. Bc6 (58. Ka2 $142 $5 $16) 58... Ne6 $11 59. Bxd5 Nxd4+ 60. Kc4 Ne6
61. c6 Kb6 62. Kxb4 Nd4 63. Kc3 Nxc6 64. e6 fxe6 65. Bxe6 Kc5 66. Kd3 Kd6 67.
Bb3 Ke5 68. Ke3 Nd4 69. Ba4 Nf5+ 70. Kf3 Nxh4+ 71. Kg3 Nf5+ 72. Kh3 $4 (72. Kf3
$142 $11) 72... Kf4 $19 0-1

[Event "Newport Open"]
[Site "?"]
[Date "1995.10.15"]
[Round "4"]
[White "Simeone, M."]
[Black "Bailey, B."]
[Result "0-1"]
[WhiteElo "1541"]
[BlackElo "1832"]
[Annotator "Stockfish 14 (15s)"]
[PlyCount "68"]

{A29: English Opening: Four Knights Variation with 4 g3} 1. c4 e5 2. Nc3 Nf6 3.
g3 Nc6 4. Bg2 Bc5 5. Nf3 Qe7 (5... a6 6. a3 d6 7. b4 Bb6 8. d3 Be6 9. O-O Qd7
10. Bb2 Bh3 11. Rc1 h5 12. c5 Bxg2 13. Kxg2 dxc5 14. bxc5 Bxc5 15. Na4 Bd6 16.
Nc5 Qc8 17. Qb3 Rb8 18. Ng5 O-O 19. h3 Nd4 20. Bxd4 {
Apro,A (2130)-Orso,J (2295) Hungary 1995 0-1 (44)}) 6. e3 $146 (6. O-O h6 (6...
O-O 7. d3 d6 8. Bg5 Be6 9. Rb1 b6 10. Nd2 Bd4 11. Bxc6 Rab8 12. e3 Bg4 13. Qc1
Bc5 14. b4 Bh3 15. Re1 Bxb4 16. Rxb4 Qe6 17. d4 Qf5 18. Bxf6 Qxf6 19. dxe5 Qxe5
20. Bg2 Bg4 21. Nf3 {Bodson,G-Schins,C Worriken Buetgenbach 2004 1-0}) 7. Nb5
d6 8. d4 exd4 9. Nbxd4 Bd7 10. a3 O-O 11. Re1 Rfe8 12. b4 Bb6 13. Bb2 Ne5 14.
Nxe5 dxe5 15. Nc2 c6 16. c5 Bc7 17. Ne3 Rad8 18. Qc2 Ng4 19. Nc4 e4 20. e3 Bf5
{Pouliquen,D (1940)-Lescop,E (1710) Sarzeau 2006 1-0 (33)}) 6... h6 (6... d6
$142 $5 7. O-O O-O $14) 7. O-O $18 e4 8. Ne1 d6 9. d4 Bb4 $4 (9... exd3 $142
10. Nxd3 Bb6 $18) 10. Nd5 Nxd5 11. cxd5 Bxe1 (11... h5 12. dxc6 d5 $18) 12.
Rxe1 (12. dxc6 $142 h5 13. Rxe1 $18) 12... Nd8 (12... Nb8 13. Bd2 Nd7 14. Qc2
$11) 13. Qc2 Bf5 14. Bd2 O-O 15. Ba5 (15. Rec1 c6 16. Qb3 Re8 $14) 15... Rc8
$11 16. Rac1 c6 17. Bxd8 Rfxd8 18. Qa4 cxd5 19. Rxc8 Rxc8 20. Qxa7 Rc2 21. Qb6
Bg4 22. h3 $4 (22. Qb3 Qc7 23. h3 $11 (23. Qxd5 $4 Rc1 24. Rf1 Be2 25. Qxe4
Bxf1 26. Bxf1 Qc4 $19)) 22... Qf6 $19 23. Rf1 Be2 24. Qb3 Bd3 25. f4 (25. a3 g6
$19) 25... Re2 26. Rf2 (26. Kh2 Rxe3 27. Qc3 Re2 $19) 26... Rxe3 27. Qxd5 (27.
Kh2 Re1 28. Qb4 Rb1 $19) 27... Rxg3 28. Kh2 (28. Qxb7 e3 29. Kh2 Rg6 $19) 28...
Qh4 29. Qxb7 Rxh3+ $3 30. Kg1 (30. Bxh3 Qxf2+ {Discovered attack Double attack}
) 30... e3 31. Qc8+ Kh7 32. Qxh3 Qxf2+ 33. Kh1 e2 34. Qxd3+ Kh8 (34... Kh8 35.
Qxe2 Qxe2 $19) 0-1

[Event "Newport Open"]
[Site "?"]
[Date "1995.10.15"]
[Round "5"]
[White "Bailey, B."]
[Black "Ball, L."]
[Result "1/2-1/2"]
[WhiteElo "1832"]
[BlackElo "2029"]
[Annotator "Stockfish 14 (15s)"]
[PlyCount "109"]

{B92: Sicilian Najdorf: 6 Be2} 1. e4 c5 2. Nf3 d6 3. d4 cxd4 4. Nxd4 Nf6 5. Nc3
a6 6. Be2 e5 7. Nf3 Be6 8. O-O Qc7 (8... Be7 9. Ng5 O-O 10. Be3 Nbd7 11. Nd5 h6
12. Nxe7+ Qxe7 13. Nxe6 fxe6 14. f3 b5 15. c4 b4 16. b3 a5 17. Rc1 Rac8 18. Qd2
Nc5 19. Rcd1 Rfd8 20. Bd3 d5 21. cxd5 exd5 22. Bxc5 Qxc5+ 23. Kh1 {
Gheng,H (1233)-Mertens,F (1443) Willingen 2005 0-1 (32)}) 9. Bg5 $146 (9. a4
Be7 10. Re1 O-O 11. h3 Nbd7 12. Bf1 Qc6 13. Bg5 h6 14. Bh4 Rfe8 15. Qe2 g5 16.
Bg3 Nf8 17. Nd2 Rac8 18. Kh2 Ng6 19. f3 h5 20. Bf2 Kg7 21. Be3 g4 22. Qf2 Qd7
23. a5 Rh8 {Parkanyi,A (2352)-Zambo,Z (2200) Miskolc 2002 0-1}) (9. h3 Nbd7 10.
Be3 Nb6 11. Re1 Be7 12. Qd2 O-O 13. Bg5 Rac8 14. Rac1 Rfd8 15. Qe3 h6 16. Bxf6
Bxf6 17. Bd3 Qc5 18. Qe2 Qb4 19. Rb1 Re8 20. Red1 Qc5 21. Rbc1 Rcd8 22. Nd2 Bg5
23. Ra1 Bf6 {Cala,U-Morcken,O Helsinki 1952 1-0 (59)}) (9. Be3 Nbd7 10. Qd2 Rc8
11. h3 Be7 12. Bd3 O-O 13. Ng5 Bc4 14. Rac1 h6 15. Nf3 b5 16. a3 Rfe8 17. Nh2
Nb6 18. Rfe1 Bf8 19. Qe2 d5 20. Bxb6 Qxb6 21. exd5 Nxd5 22. Nxd5 Bxd5 23. Qg4
Bc5 {Budde,R (1621)-Storkebaum,K (1836) Bad Woerishofen 2003 0-1 (47)}) 9...
Nbd7 10. Re1 Rc8 (10... h6 11. Be3 $11) 11. Rc1 (11. Nd5 Bxd5 12. exd5 h6 $14)
11... Be7 12. Bf1 O-O (12... Qc6 $15) 13. Bxf6 (13. Nd5 $142 $5 Bxd5 14. exd5
$11) 13... Nxf6 $17 (13... Bxf6 $6 14. Nd5 Qb8 15. c4 $11) 14. h3 b5 15. a3 (
15. a4 b4 16. Nd5 Bxd5 17. exd5 Qa7 $17) 15... Rfd8 (15... g6 16. Ng5 $17) 16.
Qe2 (16. Nd5 Bxd5 17. exd5 $17) 16... Nh5 (16... g6 17. Qd2 $17) 17. g3 (17.
Nd5 $5 Bxd5 18. exd5 $15) 17... Nf6 $17 18. Red1 Qb7 19. Bg2 Rc5 20. Rd2 (20.
Nd2 Rdc8 $17) 20... Rdc8 (20... a5 21. Nh2 $19) 21. Ne1 Bc4 (21... Rc4 22. Nd3
$17) 22. Qe3 (22. Nd3 R5c7 $17) 22... b4 (22... R5c7 $5 $17) 23. Na4 (23. axb4
Qxb4 24. b3 Be6 $15) 23... R5c6 24. b3 $2 (24. axb4 $142 Qxb4 25. Ra1 $15)
24... Bb5 $19 25. axb4 Bxa4 26. bxa4 Qxb4 27. Ra1 Rc4 (27... Bd8 $5 28. Rd3 $19
) 28. Rdd1 $17 Qc5 (28... Qa5 29. Bf1 Rxa4 30. Rxa4 Qxa4 31. Qa7 $17) 29. Qb3
$2 (29. Qxc5 R4xc5 30. Bf1 $15) 29... Nxe4 $4 (29... a5 $142 30. Qb7 Bf8 $17)
30. Bxe4 $11 Rxe4 31. Qb7 Re2 (31... d5 $5 32. Qxa6 Rc4 $11) 32. Nd3 $16 Qc7
33. Qxa6 Rxc2 34. Nb4 {Attacks the pawn on d6} Qc4 35. Qb7 (35. Qxc4 $5 R2xc4
36. Nd5 $16) 35... Rb2 $11 36. Qxe7 Qxb4 37. Rxd6 Rb1+ $2 (37... Qa5 $142 $11)
38. Rxb1 $18 Qxb1+ 39. Kh2 h6 40. Rd8+ (40. Qxe5 $142 $5 Rc1 41. Qd5 $18) 40...
Rxd8 $11 41. Qxd8+ Kh7 42. a5 e4 43. Qb6 Qf1 44. Qe3 f5 (44... Qc4 45. Qf4 $14)
45. Qf4 g6 $4 (45... Qb5 46. Qd2 $14) 46. Qc7+ (46. g4 $142 Qa1 47. Qc7+ Kh8
48. gxf5 gxf5 49. Qc8+ Kg7 50. Qxf5 $18) 46... Kg8 $14 47. Qb6 Kf7 48. a6 e3
49. Qb7+ Ke6 50. a7 (50. Qb6+ $142 $5 Kd7 51. Qd4+ Kc6 52. Qxe3 Qxa6 53. Qxh6
$14) 50... exf2 $11 51. Qg2 Qe1 52. Qc6+ Ke5 53. Qe8+ Kf6 54. Qd8+ Kf7 55. Qd7+
1/2-1/2

[Event "Washington Class"]
[Site "?"]
[Date "1995.11.26"]
[Round "1"]
[White "Hanlen, J."]
[Black "Bailey, B."]
[Result "1-0"]
[WhiteElo "1971"]
[BlackElo "1832"]
[Annotator "Stockfish 14 (15s)"]
[PlyCount "47"]

{D24: Queen's Gambit Accepted: 3 Nf3 Nf6 4 Nc3} 1. d4 d5 2. Nf3 Nf6 3. c4 dxc4
4. Nc3 Bg4 5. Ne5 Bf5 (5... Bh5 6. f3 Nbd7 7. g4 Bg6 8. h4 c5 9. Nxd7 Qxd7 10.
d5 e6 11. h5 exd5 12. hxg6 d4 13. g5 dxc3 14. gxf6 fxg6 15. Qxd7+ Kxd7 16. e4
gxf6 17. bxc3 g5 18. Bxc4 h5 19. Be3 Bd6 20. Rd1 {
Nguyen,N (2520)-Nemeth,M (2333) Budapest 2005 1-0 (46)}) 6. e3 e6 $146 (6...
Nbd7 7. Qf3 e6 8. e4 Bg6 9. Bg5 Qc8 10. Nxg6 hxg6 11. Bxc4 c6 12. O-O Be7 13.
e5 Nd5 14. Ne4 f6 15. exf6 gxf6 16. Bd2 Qc7 17. g3 O-O-O 18. Rfc1 Rh7 19. Bf1
Rdh8 20. h3 e5 21. Nc3 {Gruenenwald,E-Haecker,G Ingolstadt 1990 0-1 (60)}) 7.
Bxc4 Nbd7 8. Qe2 (8. Nxd7 $5 Qxd7 9. f3 $16) 8... Nxe5 $11 9. dxe5 Nd5 $2 (9...
Ne4 10. O-O c6 11. Nb5 $14) 10. O-O (10. e4 $142 Nxc3 11. bxc3 $18) 10... Nxc3
$14 11. bxc3 Bc5 (11... Be4 $142 $5 $14) 12. e4 $16 Bg6 13. Bxe6 (13. Be3 $142
Bxe3 14. Qxe3 $16) 13... Qe7 $4 (13... fxe6 14. Qb5+ Qd7 15. Qxc5 Bxe4 16. Bg5
$11) 14. Bf5 $4 (14. Qb5+ $142 c6 15. Bd7+ Qxd7 16. Qxc5 Bxe4 17. Ba3 $18)
14... Qxe5 $14 15. Bf4 Qxf4 16. Qb5+ c6 $2 (16... Ke7 $142 17. Qxc5+ Qd6 $11)
17. Qxc5 $18 Bxf5 18. exf5 O-O-O 19. Qxa7 Rhe8 20. Rab1 (20. g3 Qb8 21. Qa4 f6
$18) 20... Re7 (20... Qb8 21. Qa4 Qc7 22. Rfe1 $18) 21. Rb4 (21. g3 $142 Qb8
22. Qa4 $18) 21... Qxf5 $4 (21... Qb8 22. Qa4 Rd5 23. Rh4 $16) 22. Rfb1 (22.
Qa8+ $142 Kd7 23. Rd4+ Qd5 24. Rxd5+ cxd5 25. Qa4+ Kc8 26. Rb1 $18) 22... Qd7
$4 (22... Qe5 $142 23. g3 b5 24. Qa6+ Kc7 $16) 23. Qa8+ $18 Kc7 24. Rxb7+ (24.
Rxb7+ Kd6 25. Qa3+ Ke6 26. Re1+ Kf6 27. Qxe7+ Qxe7 28. Rbxe7 $18) 1-0